Un criterio económico de elección del sistema de inspección de lotes por atributos (Registro nro. 23718)
[ vista simple ]
| 000 -LEADER | |
|---|---|
| fixed length control field | 00381 a2200109 4500 |
| 001 - CONTROL NUMBER | |
| control field | ART_9598 |
| 005 - DATE AND TIME OF LATEST TRANSACTION | |
| control field | 20260410161837.0 |
| 008 - FIXED-LENGTH DATA ELEMENTS--GENERAL INFORMATION | |
| fixed length control field | 260409a |
| 100 1# - MAIN ENTRY--PERSONAL NAME | |
| Personal name | Wajchman, Mauricio |
| 245 10 - TITLE STATEMENT | |
| Title | Un criterio económico de elección del sistema de inspección de lotes por atributos |
| 773 0# - HOST ITEM ENTRY | |
| Title | Contabilidad y administración |
| Related parts | - Año 5, Nº 52 (oct. 1981) |
| Record control number | REV5485 |
No hay ítems disponibles.